00813nam a22002057a 4500003000500000005001700005008004100022010001100063011001100074035001100085040000900096100003200105245014800137260004000285500006000325502010600385650002500491650002700516856006400543CHAP20220817044537.0270812s2012 mx r 00010 spa d a103759 a104731 a115421 cCHAP1 aMartinez Ramirez, Graciela.10aConservación de frutos de ilama (Annona diversifolia saff) con pelicula plastica microperforadah[En línea]c/por Graciela Martinez Ramirez aChapingo, Méx. :bEl autor,c2012 aPara ver el contenido del material haga clic en la liga aTesis (M.C. en Ciencia y Tecnologia Agroalimentaria) -- UACH. Departamento de Ingeniería Industrial04aAnnona diversifolia.04aFrutaxConservación. 3Finding aiduhttp://10.13.5.2/tesis/115421.pdfzTeclea aqui